| 000 | 00985nam0a22002651 4500 | ||
|---|---|---|---|
| 001 | v19\rc\1314790 | ||
| 005 | 20230529132326.0 | ||
| 035 | _a(NLR Aleph) 004470754 | ||
| 090 |
_a4560848 _c4560848 |
||
| 100 | _a20060512d1900 |||y0rusy50 ca | ||
| 101 | 0 | _arus | |
| 102 | _aRU | ||
| 105 | _ay z ||||| | ||
| 200 | 1 |
_aПроект устава товарищества на вере под фирмою "В. Вирион и К°" в Горыни _fСост. Владимир Владимирович Вирион |
|
| 210 |
_a[Одесса] _dценз. 1900 |
||
| 215 | _a4 с. | ||
| 309 | _aБез тит. л. и обл. | ||
| 702 | 1 |
_aВирион _bВ. В. _gВладимир Владимирович _4220 |
|
| 710 | 0 | 2 |
_a"Вирион, В. и К°", торговый дом _cГорынь, Минская губ. _3RU\NLR\AUTH\8810075331 |
| 801 | 0 |
_aRU _bNLR _gpsbo |
|
| 801 | 1 |
_aRU _bProSoft-M _2rusmarc |
|
| 852 |
_aNLR _j20.62.1.259 |
||
| 942 | _cBOOK | ||
| 980 | _aNB | ||